000 00734nam a2200229 a 4500
999 _c5177
_d5177
001 5177
003 BD-JhCC
005 20180120175302.0
008 171210s1956 bg a|||| ||a| 000 0 ben d
035 _a(BD-JhCC)5177
040 _aBD-JhCC
_dBD-JhCC
041 _aben
082 _a510
_bSHA 1956
100 _aশাহাবুদ্দীন, মৌলভী মুহম্মদ
245 _aরেখাগণিত /
_cমৌলভী মুহম্মদ শাহাবুদ্দীন
260 _aঢাকা :
_bআদিল ব্রাদার্স এণ্ড কোং,
_c1956.
300 _a472 p. :
_billu,
_c18 cm.
650 _aMathematics
650 _aGeometry
942 _2ddc
_cBK